Hyrule Warriors: les Chroniques du Sceau - Personnages - Statistiques

Statistiques générales
  • Ce quiz a été pris 15 fois
  • Le résultat moyen est 15 sur 23
Statistiques - réponses
Par images Réponse % Correct
Princesse Zelda
100%
Ganondorf
92%
Ganondorf, roi démon
92%
Mineru
92%
Calamo
85%
Golem Mystérieux
85%
Reine Sonia
85%
Roi Rauru
85%
Agraston
77%
Ardi
77%
Qia
77%
Raphica
69%
Typhan
69%
Quino
62%
Vence
54%
Braton
46%
Lenalia
46%
Lago
38%
Cadlan
31%
Pastos
31%
Sholani
31%
Ronza
23%
Pinnec
8%
Aucun quiz correspondant
Distribution des résultats
% des personnes avec chaque résultat
Percentile par nombre de réponses
Votre historique - résultats
Vous n’avez pas pris ce quiz